Natiya Kaviyam/ (Record no. 188929)

MARC details
000 -LEADER
fixed length control field 00582nam a2200181 4500
005 - DATE AND TIME OF LATEST TRANSACTION
control field 20220607161932.0
010 ## - LCCN (DPL NO)
LC control number ENG-133112
020 ## - INTERNATIONAL STANDARD BOOK NUMBER
International Standard Book Number 9788192223056
Terms of availability 310.00
035 ## - SYSTEM CONTROL NUMBER
System control number EN-116644
037 ## - SOURCE OF ACQUISITION
Source of stock number/acquisition DBAD/PUB
082 ## - DEWEY DECIMAL CLASSIFICATION NUMBER
Classification number 793.31954
100 ## - MAIN ENTRY--PERSONAL NAME
Personal name Engersoll, Sumithra
245 ## - TITLE STATEMENT
Title Natiya Kaviyam/
Statement of responsibility, etc Sumithra Engersoll
260 ## - PUBLICATION, DISTRIBUTION, ETC. (IMPRINT)
Place of publication, distribution, etc Bangalore
Name of publisher, distributor, etc Kaviyamullai Pathippagam
Date of publication, distribution, etc 2017
270 ## - ADDRESS
Address G4, Ohana Gardens, 21 Ramamurthy Nagar, Main Road, Dodda banaswadi
City Bangalore
Postal code 560043
300 ## - PHYSICAL DESCRIPTION
Extent 200p.
Other physical details References
Dimensions 23cm(pbk)
942 ## - ADDED ENTRY ELEMENTS (KOHA)
Source of classification or shelving scheme Dewey Decimal Classification
Item type English Books
Classification part 793.31954
Call number suffix ENG
Holdings
Withdrawn status Lost status Not for loan Collection code Home library Current library Date acquired Source of acquisition Cost, normal purchase price Full call number Barcode Copy number Cost, replacement price Koha item type
      Non-fiction Bawana Bawana 07/06/2022 DBAD/PUB 310.00 793.31954 ENG EN-116644 1 310.00 English Books

© Delhi Public Library
Hit Counter
free hit counter